| 000 | 00335nam a22001457a 4500 | ||
|---|---|---|---|
| 003 | SGT | ||
| 082 | _a808.06634,TRI | ||
| 100 | _aTRIPATHI,S.C | ||
| 245 | _aLEGAL LANGUAGE AND LEGAL WRITING | ||
| 250 | _a6TH | ||
| 260 |
_aALLAHABAD _bCENTRAL LAW PUBLICATION _c2014 |
||
| 300 | _a550 | ||
| 650 | _aLANGUAGE AND WRITING | ||
| 942 |
_2ddc _cBK |
||
| 999 |
_c9647 _d9647 |
||